[Event "Athens Acropolis op"]
[Site "Athens"]
[Date "2005.03.09"]
[Round "4"]
[White "Skembris, Spyridon"]
[Black "Pelletier, Yannick"]
[Result "0-1"]
[WhiteElo "2443"]
[BlackElo "2604"]
[Annotator "Pelletier,Y"]
[PlyCount "88"]
[EventDate "2005.03.06"]
[EventType "swiss"]
[EventRounds "9"]
[EventCountry "GRE"]
[SourceTitle "CBM 105 Extra"]
[Source "ChessBase"]
[SourceDate "2005.05.01"]
[SourceVersion "1"]
[SourceVersionDate "2005.05.01"]
[SourceQuality "1"]

1. d4 Nf6 2. c4 e6 3. Nf3 d5 4. Nc3 c6 5. e3 Nbd7 6. Qc2 Bd6 7. Bd3 O-O 8. O-O
dxc4 9. Bxc4 b5 10. Be2 Bb7 11. Bd2 {Nach diesem bescheidenen Zug hat Schwarz
keine Mühe.} a6 12. Ne4 Nxe4 13. Qxe4 Qe7 14. Rac1 (14. Rfd1) 14... Rac8 ({
Nützlicher war auf jeden Fall der sofortige} 14... e5) 15. Rfd1 e5 $5 (15...
Nf6 {gefolgt von c5 bedeutet völliger Ausgleich. Der Textzug ist natürlich
interessanter.}) 16. dxe5 (16. Qh4 e4 17. Qxe7 Bxe7 18. Ne5 Nxe5 19. dxe5 c5
20. Ba5 Bc6 $15) 16... Nxe5 17. Bc3 ({Die schwarze Idee lag im Zwischenzug nach
} 17. Nxe5 c5 $1) 17... c5 18. Qf5 g6 (18... Nxf3+ 19. Bxf3 Bxf3 20. Qxf3 $11)
19. Qh3 Rfd8 20. Qh6 $5 (20. b3 Nxf3+ 21. Bxf3 Bxf3 22. Qxf3 Be5 23. Bxe5 Qxe5
24. Qb7 Qf6 $15 {/=}) 20... Bc7 {Die nach Qh6 auftauchenden taktischen Chancen
des Anziehenden hatte ich unterschätzt. Meine Antwort ist weniger gut als 20...
f6.} (20... Bxf3 21. gxf3 b4 22. Bxe5 Bxe5 23. b3 $11) (20... f6 $142 21. Qh3
Kg7 22. Ba5 Bc7 23. Bxc7 (23. Rxd8 Rxd8 24. Bxc7 Nxf3+ 25. Bxf3 Qxc7 26. Bxb7
Qxb7 27. Qe6 c4 $15) 23... Rxd1+ 24. Rxd1 Rxc7 25. Nxe5 fxe5 $15 {[%csl Gc5]
[%cal Gc5c1]}) 21. a4 Bc6 (21... b4 $2 22. Ng5) ({Natürlich kann Schwarz immer
Remis machen mittels} 21... Bxf3 22. gxf3 b4 23. Bxe5 (23. Be1 Rxd1 24. Rxd1)
23... Bxe5 24. b3 $11) ({Aber interessant war neben dem Textzug auch} 21... c4
$5 22. axb5 axb5 23. Ng5 f6 24. Bb4 (24. Rxd8+ Rxd8 25. Bb4 Bd6) 24... Rxd1+
25. Rxd1 Qg7 26. Qxg7+ Kxg7 27. Ne6+ Kf7 28. Nd4 Be4 $13 {/=+}) 22. axb5 axb5 (
22... Bxb5 23. Kf1 Bxe2+ 24. Kxe2 f6 $13) 23. b4 $5 (23. Rxd8+ Rxd8 24. b4 Bxf3
25. gxf3 cxb4 26. Ba1 (26. Bd4 b3 27. f4 Rxd4) 26... b3 27. f4 Qa3 $19) 23...
Rxd1+ (23... cxb4 24. Rxd8+ Rxd8 25. Bxe5 Bxe5 26. Rxc6 b3 27. Rc1 b2 28. Rf1
$18) 24. Rxd1 c4 ({Etwas erschreckend, aber wohl möglich war die Fortsetzung} 
24... Bxf3 $5 25. gxf3 cxb4 26. Bd4 f5 $1) 25. Nd4 f6 $1 (25... Be8 26. f4 Nf3+
(26... Ng4 27. Bxg4 Qxe3+ 28. Kh1 Bxf4 29. Qh4) 27. Kf2 (27. Kh1 Nxd4 28. Bxd4
$36) 27... Nxd4 28. Bxd4 f6 29. Bf3 $36) 26. f4 $2 ({Mein Gegner verlor sich
in den taktischen Komplikationen. Zu unklarem Spiel führte} 26. Qh4 $142 Be8
27. Qe4 Rd8 $13) ({, während} 26. Nxc6 Nxc6 27. Bf3 Be5 (27... Nxb4 $5 28. Rb1
Bd6) 28. Bd5+ Kh8 29. Bxc6 Rxc6 30. Bxe5 fxe5 31. h4 (31. Rd7 $2 Rd6 $1 {
[%cal Gd6d1]}) 31... Rd6 32. Ra1 Rd8 {klar besser ist für Schwarz.}) 26... Nd3
$1 (26... Nf7 27. Qh3 Bb7 (27... Bd7 $2 28. Nc6) 28. Nxb5 Bxf4 29. exf4 Qxe2
30. Re1 Qd3 31. Bxf6 Qxh3 32. gxh3 $14) 27. Bxd3 Qxe3+ 28. Kf1 ({Nach dem
hartnäckigeren} 28. Kh1 {müsste sich Schwarz sehr anstrengen, um den richtigen
Weg zu finden:} Bxf4 29. Qh4 cxd3 30. Re1 (30. Qxf6 Bxg2+ 31. Kxg2 Rxc3) 30...
Bg5 $1 $17 (30... d2 31. Rxe3 d1=Q+ 32. Re1 Qd3 33. Qxf6 Qxc3 34. Qe6+ Kg7 35.
Qe7+ Kh8 36. Qf6+ Kg8 $11) 31. Qg4 $140 Bd7 $1 $19) 28... cxd3 {Der Bc6 ist
tabu.} 29. Qh4 (29. Re1 Qxf4+ 30. Qxf4 Bxf4 31. g3 Be5 32. Nxc6 Rxc6 33. Bxe5
fxe5 34. Kf2 Rd6 35. Ke3 d2 36. Rd1 Kf7) 29... Qe4 (29... Bd5 $5) 30. Qh3 (30.
Qf2 Bxf4 31. Re1 Qxg2+ 32. Qxg2 Bxg2+ 33. Kxg2 Rxc3) 30... Re8 31. Qf3 Qxf3+
32. gxf3 Bd5 33. Nxb5 Bxf4 34. Nd4 Rc8 35. Bb2 Ra8 36. Ra1 Rxa1+ 37. Bxa1 Bxh2
38. Bc3 Be5 39. Kf2 d2 40. Ke2 Bxd4 41. Bxd4 Bxf3+ 42. Kxd2 Kf7 43. b5 g5 44.
Ke3 Bb7 0-1

[Event "NED-ch54"]
[Site "Rotterdam "]
[Date "1999.06.03"]
[Round "5"]
[White "Sokolov, Ivan"]
[Black "Piket, Jeroen"]
[Result "1/2-1/2"]
[WhiteElo "2624"]
[BlackElo "2619"]
[Annotator "Piket,L"]
[PlyCount "82"]
[EventDate "1999.05.29"]
[EventType "tourn"]
[EventRounds "11"]
[EventCountry "NED"]
[EventCategory "12"]
[SourceTitle "CBM 072"]
[Source "ChessBase"]
[SourceDate "1999.10.01"]
[SourceVersion "1"]
[SourceVersionDate "1999.10.01"]
[SourceQuality "1"]

1. d4 d5 2. c4 c6 3. Nf3 Nf6 4. Nc3 e6 5. e3 Nbd7 6. Qc2 Bd6 7. Be2 O-O 8. O-O
dxc4 9. Bxc4 a6 10. Rd1 b5 11. Be2 Qc7 12. Bd2 $5 c5 (12... Bb7 13. b4 a5 14.
a3 (14. bxa5 b4 15. Na4 Qxa5 16. Nb2 Be7) 14... axb4 15. axb4 Nd5 16. Qb3 $44)
13. dxc5 Qxc5 14. b4 $5 (14. Rac1 Bb7 $11) 14... Qh5 (14... Qc7 15. Rac1 Bb7
16. Qb1 Qb8 17. h3 h6 18. e4 (18. a4)) 15. Be1 (15. Ne4 Bxh2+) 15... Bb8 (15...
Bxb4 $6 16. Nd4 (16. Nxb5 Bxe1 (16... Bc5) 17. Nxe1) 16... Qg6 17. Qxg6 hxg6
18. Bf3 Bxc3 19. Bxc3 Nd5 20. Bb4 Re8 21. Nxe6 $1) 16. Ne4 (16. Rd4 Ne5 $13)
16... Bb7 17. Ng3 Qg6 18. Qxg6 (18. Bd3 Qh6) 18... hxg6 19. a4 $1 $14 bxa4 20.
Rxa4 Nb6 21. Ra2 (21. Ra5 Nbd5 (21... Nfd5) 22. Rda1 Bxg3 (22... Bd6 23. Bxa6
Bxa6 24. Rxa6 Rxa6 25. Rxa6 Bxb4 26. e4 $16) 23. hxg3 Nc7) 21... Nfd5 22. Nd4
Be5 23. Bf3 Rfc8 24. Ne4 Bxd4 $5 (24... Nd7 25. Nb3 $14) 25. exd4 Bc6 26. Rda1
Ne7 $1 (26... Bb5 27. Nc5 $14) 27. Rxa6 Nf5 28. Rxa8 Bxa8 29. Kf1 Nxd4 (29...
Bd5 $1 $11) 30. Nd6 Rd8 31. Bxa8 Nxa8 32. Nb7 (32. Bc3 $142 Rxd6 (32... Nc7 33.
Bxd4 Rxd6 34. Be5 Rc6 35. Bxc7 Rxc7 36. b5) 33. Rxa8+ Kh7 34. Rb8 e5 35. b5 f6)
32... Rb8 33. Bc3 e5 $8 (33... Nb5 34. Be5 Rxb7 35. Rxa8+ Kh7 36. Rb8 $16) 34.
Nd6 Nc7 35. Rd1 $6 (35. f4 $6 Nd5) (35. Bxd4 exd4 36. b5 d3 (36... Rb6 37. Ra7
(37. Nxf7)) 37. Ke1 Nxb5 38. Rb1 d2+ 39. Kxd2 Rd8 40. Rxb5 Rxd6+ 41. Ke3 $11)
35... Nce6 36. Ra1 f6 37. Ra6 (37. h4 Rb6 $4 (37... Nf5) 38. Ra8+ Kh7 39. Nf7
g5 40. h5 g6 41. h6 $18) 37... Nc7 38. Ra5 Ndb5 39. Nxb5 Nxb5 40. Bd2 Kf7 41.
Be3 Ke6 1/2-1/2

[Event "Dortmund SuperGM 39th"]
[Site "Dortmund"]
[Date "2011.07.22"]
[Round "2"]
[White "Ponomariov, Ruslan"]
[Black "Giri, Anish"]
[Result "1-0"]
[WhiteElo "2764"]
[BlackElo "2701"]
[Annotator "Ponomariov,R"]
[PlyCount "67"]
[EventDate "2011.07.21"]
[EventType "tourn"]
[EventRounds "10"]
[EventCountry "GER"]
[EventCategory "20"]
[SourceTitle "CBM 144"]
[Source "ChessBase"]
[SourceDate "2011.09.16"]
[SourceVersion "1"]
[SourceVersionDate "2011.09.16"]
[SourceQuality "1"]

1. Nf3 d5 2. c4 c6 3. e3 Nf6 4. Nc3 e6 5. d4 Nbd7 6. Qc2 Bd6 7. Bd3 O-O 8. O-O
dxc4 9. Bxc4 b5 10. Bd3 Bb7 11. Rd1 {Probably White will not play this again,
after the present game, since Black easily solves all of his opening problems.}
({I would advise White to look into} 11. e4 $5 {since he has few other active
plans.} e5 12. h3 Re8 (12... exd4 {is not dangerous:} 13. Nxd4 Nc5 14. Rd1 $1 {
and everything is under control}) 13. Rd1 Qc7 14. dxe5 Nxe5 15. Nxe5 Bxe5 16.
Be3 a6 17. a4 Rac8 18. Rac1 {White's moves look very logical. Black still has
some problems with the Bb7} Qe7 19. f3 Bb8 20. Qf2 g6 21. Ne2 Nd7 {and here,
for example, it is worth considering} 22. f4 $5 $14 ({together with} 22. b3 {
1/2 Sasikiran,K (2676)-Negi,P (2622)/New Delhi IND 2011 (48)})) 11... b4 $1
$146 {A strong idea. Black wants to solve the problems of activating the Bb7
as soon as possible. For some reason, until now, this has only been played in
computer games, with such strong GMs as Shirov, Kramnik, Grachev, Potkin, etc
preferring otehr moves, as I had noted in my preparation.} (11... a6 {
transposes to 9...a6}) (11... Qe7) (11... Qc7) (11... Qb8) (11... Rc8) 12. Na4
({On} 12. Ne4 Nxe4 13. Bxe4 {Black woudl even have more possibilities} Nf6 ({
But also interesting is} 13... f5 $5 14. Bd3 (14. Bxc6 $4 Rc8) 14... c5 {
although things are no so simple. White also has an object of attack in the
pawn e6. But he should play very energetically, eg.} 15. e4 $1 Rc8 (15... Qe8
16. Ng5 $1 {[%csl Re6][%cal Gg5e6,Gd3c4]}) 16. Qe2 cxd4 17. Bc4 (17. exf5 Bxf3
18. Qxf3 Ne5) 17... Bxe4 18. Bxe6+ Kh8 19. Nxd4 Qe7 20. f3 Bc5 21. Bb3 Qe5 22.
Be3 Bb7 23. Qd2 $1 $14 {and although all this is not forced, of course, it
well illustrates both sides' possibilities.}) 14. Bd3 c5 15. dxc5 Rc8 16. Qe2
Rxc5 {leads to a transposition into the game.}) ({During the game, I also
thought about the active} 12. e4 $6 bxc3 13. e5 {but after the simple} cxb2 14.
Bxb2 (14. Qxb2 $6 Rb8 15. exd6 c5 $1 $36) 14... Be7 15. exf6 Nxf6 $15 {Black
has an extra pawn and his game seems easier to play.}) 12... c5 {This is the
idea of Black's previous move, otherwise there was no point in weakening his
pawn structure. Admittedly, for some reason, Anish spent some time on it.
Maybe he was checking something in the complications?} 13. dxc5 Rc8 14. Qe2 {
I could not see anything that good for White, so I decided to play simply and
solidly.} ({White only brings problems down on his own head by} 14. Ng5 Bxh2+
$1 {The simplest} ({although there is also the cunning} 14... Kh8 $5) 15. Kxh2
Ng4+ 16. Kg1 Qxg5 $36 {[%csl Rg1,Rg2][%cal Gb7g2,Gg5g2,Gg4e3]} {After} 17.
Bxh7+ Kh8 18. Rxd7 Bc6 19. Rd4 Qh4 $19 {the computer thinks White can already
resign!}) ({If White tries to win a pawn by} 14. Bxh7+ Nxh7 15. Rxd6 {then}
Bxf3 16. gxf3 Qg5+ 17. Kf1 ({Or} 17. Kh1 Nxc5 18. Nxc5 Rxc5 19. Qe2 Rfc8 20.
Bd2 Qh5 $1 $44) 17... Nxc5 18. Nxc5 Rxc5 $36 {and in both cases Black has more
than enough compensation for the pawn, as White has still not completed the
development of his queenside, and the pawn protection of his king is damaged.})
14... Nxc5 15. Nxc5 Rxc5 16. Bd2 {White already has to be accurate, and this
is at the very start of the game!} ({For example, after} 16. e4 $6 {there is
the tactical blow} Nxe4 $1 17. Bxe4 Bxe4 {although by finding some unlikely
moves, White can maintain the balance and not fall into a bad position:} 18.
Rxd6 $1 (18. Qxe4 Bxh2+ 19. Kxh2 Qxd1 $17) 18... Bxf3 19. Qd2 $8 Rd5 20. Rxd5
Bxd5 21. Qxb4 $11) 16... a5 ({Black gets nothing from} 16... Bxf3 17. Qxf3 Rd5
18. Be1 $1 Rxd3 19. Rxd3 Bxh2+ 20. Kxh2 Qxd3 21. Bxb4 {and material is still
equal.}) ({But there is the interesting} 16... Qa8 $5 17. e4 (17. Bxb4 $4 Bxf3
$19) 17... Rh5 $5 {Preventing e4-e5.} 18. Re1 a5 {and Black has quite an
active position and pressure on the long diagonal.}) 17. e4 Qb8 ({After} 17...
Rh5 18. h3 Qa8 {White is not obliged to spend a tempo on Re1 and can play} 19.
Be3 $1 {Preparing Nd2} g6 (19... Bxe4 $2 20. Bxe4 Nxe4 21. Ng5 $1) 20. Nd2 Be5
21. f3 $1 Bxb2 22. Rab1 Be5 23. Nc4 {with god compensation for the pawn, since
the balck pieces are temporarily uncoordinated.}) 18. h3 Bf4 $6 {If Black has
played the opening superbly, and solved all of his problems easily, and even
having some chance of hoping for more, then starting from this moment, his
play gives rise to many questions. For example: why exchange dark-squared
bishops, when White is a little cramped and exchanges help him?} ({For example,
he could have played the simple} 18... Rd8 19. a3 Rcc8 $1 {and I do not think
that Black can have any problems at all. White cannot attack the weak pawn on
b4, becauser he must think the whole time about his pawn pawn on e4.}) 19. a3
$1 $14 {Creating counterplay on the queenside. Even so, it is surprising that
Anish lost this position in a few moves.} Bxd2 20. Nxd2 Ba8 $6 {Another
strange move. Why limit his own bishop, which has fewer squares from a8 than
from b7?} ({Of course, compared with a move ago, now Black has definite
problems with the defence of his queenside, eg.} 20... bxa3 21. Rxa3 Rd8 (21...
Ba8 22. Nb3 Re5 23. Rxa5) 22. Nb3 Rcc8 23. Rda1 $1 {and the pawn on a5 cannot
be saved.} (23. Nxa5 Bxe4) {But even here, the most White can get is an ending
with an extra exchange after} 23... Qf4 24. g3 Qe5 25. Nxa5 Bxe4 26. Re1 Rxd3
27. Qxd3 Qxb2 28. Nc4 Bxd3 29. Nxb2 Bb5 {which should objectively be drawn
because all the pawns are on one side.}) ({Another more accurate move than the
text was} 20... h6) ({or} 20... Qf4) 21. Qe3 Rc7 22. a4 $1 {Whilst Black
cannot attack the e4-pawn, White fixews the weakness on a5. Now Black has no
objects of attack, as the e4-pawn is no longer a weakness, but splendidly
shuts out the black bishop and restricts the Nf6. The b-file is now closed,
which means that the black queen will not be able to get at the b2-pawn either.
Black faces a long and cheerless defence, because of the chronic weakness of
his queenside.} Bc6 {It is already hard to know what to advise Black.} ({
For example,} 22... Rd8 23. f3 $1 Rcd7 24. Nc4 Qc7 25. Rac1 {and White's
position is much easier to play.}) 23. Nb3 Qa7 ({Keeping queens does not
change the seriousness of the situation:} 23... Qa8 24. Rdc1 Rfc8 25. Rc5 $1
$16 {[%csl Ra5]}) 24. Qxa7 Rxa7 25. f3 $1 {All according to plan.} Rd8 $2 {
The decisive mistake. Now Black simply loses by force.} ({Even though it was
passive, he had to play} 25... Rb8 26. Rdc1 Be8 27. Rc5 $140 Nd7 {and White
wins material}) 26. Bb5 Rxd1+ ({Nor is there any help from the strange-looking
} 26... Bd7 27. Rd4 Kf8 28. Rad1 Ke7 29. Nc5 e5 30. Rd6 $18 Rc7 31. Nxd7 Nxd7
32. R1d5 f6 33. Kf2 {and Black will soon be in zugzwang.}) 27. Rxd1 {Now we
see how much better it would have been if Black had created luft for his king
at move 20, instead of the pointless manoeuvre he played.} Bxb5 28. axb5 Kf8
29. Nc5 $1 $18 Ra8 ({He also loses after} 29... Rc7 30. b6 Rxc5 31. b7 Rb5 32.
Rd8+ Ke7 33. b8=Q Rxb8 34. Rxb8 Kd6 35. Rb5 Nd7 36. Rxa5 $18) 30. b6 Ke7 31. b7
Rb8 32. e5 ({It was also possible to play for domination:} 32. b3 $5 {after
which Black has no constructive moves. But the text wins by force.}) 32... Nd5
33. Ra1 Kd8 34. Rxa5 (34. Rxa5 Kc7 35. Na6+) 1-0

[Event "Syre Memorial op 29th"]
[Site "Issy les Moulineaux"]
[Date "2006.05.27"]
[Round "5"]
[White "Nguyen, Thanh Tong"]
[Black "Brunner, Nicolas"]
[Result "0-1"]
[WhiteElo "2352"]
[BlackElo "2407"]
[Annotator "Primel,D"]
[PlyCount "116"]
[EventDate "2006.05.25"]
[EventType "swiss"]
[EventRounds "6"]
[EventCountry "FRA"]
[SourceTitle "EXT 2007"]
[Source "ChessBase"]
[SourceDate "2006.11.23"]
[SourceVersion "1"]
[SourceVersionDate "2006.11.23"]
[SourceQuality "1"]

1. Nf3 Nf6 2. c4 e6 3. Nc3 d5 4. d4 c6 5. e3 Nbd7 6. Qc2 Bd6 7. Bd3 (7. g4 {
la variante SHIROV est devenue très populaire} dxc4 (7... Bb4) 8. Bxc4 e5 9. g5
Nd5 10. Bd2 exd4 11. Nxd4 O-O $13) 7... dxc4 (7... O-O) 8. Bxc4 O-O 9. O-O Qe7
(9... b5 {Variante Meran} 10. Be2 (10. Bd3)) 10. Bd3 {Trés peu joué mais le
joueur de Noisy a souvent des soucis d'ouverture} ({RR} 10. b3 e5 11. Re1 a6
12. Bb2 b5 13. Bd3 Bb7 14. Ne4 Nxe4 15. Bxe4 g6 16. Rac1 Rac8 17. dxe5 Nxe5 18.
Red1 Nxf3+ 19. Bxf3 Ba3 20. Bxa3 Qxa3 21. h4 Qe7 22. Qe4 Qxe4 23. Bxe4 Rfd8 24.
g4 h6 {Onischuk,A (2605)-Khalifman,A (2640)/Germany 1996/GER-chT/1/2-1/2 (42)})
(10. h3 $1 e5 11. a3 Bb8 12. Ba2 h6 13. Nh4 {[%csl Rf5]}) 10... e5 $1 11. a3 $6
$146 {le plan a3b4 parait très lent} ({RR} 11. dxe5 Nxe5 12. Nxe5 Qxe5 13. f4
Qh5 14. Ne2 Re8 15. Ng3 Qc5 16. Kh1 Qxc2 17. Bxc2 Bc5 18. h3 Bxe3 19. Bxe3 Rxe3
20. Kh2 Be6 21. a3 Rd8 22. Rad1 Rxd1 23. Rxd1 Bd5 24. Rd2 g6 25. Re2 Rxe2 {
Muslija,I (2267)-Saric,I (2303)/Rijeka 2001/EXT 2002/0-1 (44)}) 11... Rd8 12.
b4 {[%csl Rc5]} Bb8 13. Bb2 exd4 {(=) Nicolas BRUNNER était seul en tête et
une nulle avec les noirs contre le vainqueur de PAYEN а la ronde précédente
n'était pas une mauvaise affaire.} 14. exd4 Nf8 15. h3 {Refuse la nulle qui
aurait quasiment assuré les blancs d'un prix} Ng6 16. Rfe1 Qc7 17. Rad1 Nf4 $1
18. Bf1 Be6 {[%csl Rd5]} 19. Ne5 a5 $1 20. b5 cxb5 21. Qd2 $1 {[%cal Gd2f4,
Gc3b5]} Ng6 22. Nxb5 Qb6 23. Qg5 {(63)} h6 {(48)} 24. Qc1 Bb3 25. Nxg6 fxg6 26.
d5 $2 (26. Bc4+ Bxc4 27. Qxc4+ Nd5 28. Nc3 $1 {Avec l'idée d'essayer
d'exploiter le retard de développement de l'aile-dame des noirs.} Qxb2 29. Nxd5
{[%cal Gd5c7,Rc7a8,Rc4g8]} Kh8 30. Ne7 {[%csl Rg6]} Ra6 31. Rb1 Qxa3 32. Rxb7
$40) 26... Nxd5 27. Rd4 $4 (27. Rxd5 $1 Bxd5 (27... Rxd5 28. Qc3 {[%cal Gc3g7,
Gc3b3]}) 28. Re7 {[%csl Gb2,Rg7]} Kf8 29. Rxg7 {avec une attaque gagnante})
27... Qc6 28. Qd2 Kh7 29. a4 Rf8 30. Rh4 Bf4 31. Qd4 Rf7 32. Bd3 (32. Rg4)
32... Rd8 33. Rg4 Bg5 34. Be4 Qe6 35. Qe5 $2 (35. Rxg5 $1 {second sacrifice de
qualité raté des blancs dans la partie!} hxg5 36. Qd2 Bxa4 37. Bd3 Qb6 38. Bd4
$1 {[%cal Gd3g6]} Qc6 39. Qxg5) 35... Qxe5 36. Bxe5 Nf6 37. Bxf6 gxf6 38. Bf3
f5 39. Rd4 Rxd4 40. Nxd4 Bxa4 $19 {La partie est finie avec deux pions et la
paire de B} 41. Ra1 b5 42. Nc6 Bd2 43. Ra2 Rd7 44. Ne5 Rd6 45. Nc4 bxc4 46.
Rxa4 Bb4 47. Ra2 Kg7 48. g4 fxg4 49. hxg4 Kf6 50. Be2 c3 51. Bb5 Rd4 52. f3 h5
53. gxh5 gxh5 54. Kg2 Rd2+ 55. Rxd2 cxd2 56. Ba4 Kg5 57. Kh3 h4 58. Bd1 Be7 {
[%mdl 512] Le joueur de Noisy pouvait être très déçu après la partie car il
était en course pour les premières places du tournoi et il avait raté beaucoup
d'occasion.} 0-1

[Event "FRA-chT Top 16 Gp Basse"]
[Site "Guingamp"]
[Date "2010.06.03"]
[Round "8.2"]
[White "Tkachiev, Vladislav"]
[Black "Houska, Jovanka"]
[Result "1-0"]
[WhiteElo "2636"]
[BlackElo "2417"]
[Annotator "Primel,D"]
[PlyCount "77"]
[EventDate "2010.06.03"]
[EventType "team-tourn"]
[EventRounds "11"]
[EventCountry "FRA"]
[SourceTitle "EXT 2011"]
[Source "ChessBase"]
[SourceDate "2010.11.26"]
[SourceVersion "1"]
[SourceVersionDate "2010.11.26"]
[SourceQuality "1"]
[WhiteTeam "Cannes"]
[BlackTeam "Deauville"]
[WhiteTeamCountry "FRA"]
[BlackTeamCountry "FRA"]

1. d4 d5 2. c4 c6 3. e3 Nf6 4. Bd3 e6 5. Nf3 Nbd7 6. O-O Bd6 7. Nc3 (7. Nbd2)
7... dxc4 8. Bxc4 b5 9. Be2 b4 (9... O-O $142 10. e4 e5 11. Bg5 Bb7 12. a3 Qe7
13. dxe5 Nxe5 14. Nd4 Rad8 15. Nf5 Qe6 16. Nxd6 Rxd6 17. Qc2 Rfd8 18. Rad1 h6
19. Be3 Rxd1 20. Rxd1 Rxd1+ 21. Qxd1 a6 22. f3 Ned7 23. b4 Qe7 24. Qd4 Ne5 25.
Qc5 Qe8 26. Bd4 Nfd7 {Tkachiev,V (2661)-Bacrot,E (2695)/Ajaccio 2007/CBM 120
ext/1-0 (89)}) (9... Bb7) 10. Na4 {[%csl Gc5]} O-O $6 (10... Bb7 $142 11. b3
O-O 12. Bb2 c5 $132) 11. Qc2 $1 {[%csl Gc5,Rc6] En ayant joué le oo avant Bb7,
le levier c6c5 sera difficile а réaliser} Qc7 $146 ({RR} 11... Bb7 12. Bd2 Rc8
13. Nc5 Qb6 14. Rfc1 Ba8 15. Qc4 Rb8 16. Nxe6 Rfe8 17. Nc5 Re7 18. Bd3 a5 19.
h3 Qa7 20. a3 Bxc5 21. dxc5 b3 22. a4 Nd5 23. Ra3 Nb4 24. Bxh7+ Kf8 25. Bb1 Na2
26. Bxa2 {Livner,A (2250)-Hammerstad,A (2203)/Saint Vincent 2005/EXT 2006/1-0 
(35)}) 12. Bd2 $1 {[%csl Rb4][%cal Gf1c1] La pression sur "b4" va tenter les
noirs de le protéger par a5 au risque d'accentuer le retard de développement}
a5 13. Rfc1 $32 {[%cal Ga2a3] les pièces blanches sont non seulement mieux
développées mais aussi plus actives} Bb7 14. a3 $1 {Activant la dernière pièce
sans la développer!} bxa3 15. bxa3 Rfc8 (15... Rfb8 $142 16. e4 e5) 16. e4 $16
{[%cal Ge4e5]} e5 17. Nc5 $1 {[%csl Gc5]} Nxc5 $6 (17... Rcb8) 18. dxc5 $36 {
[%csl Rb7,Gc5,Rc8]} Bf8 19. Bg5 Nd7 20. Bc4 $1 {[%csl Rf7]} (20. Be3 $143 Ba6 {
[%cal Ga8b8]}) 20... Nxc5 (20... Bxc5 {Peut-être un peu meilleur}) 21. Be3 {
[%cal Gc4f7,Ge3c5]} Ne6 22. Bxe6 fxe6 {[%csl Re6]} 23. Bc5 $1 {[%csl Rb7]} a4 (
23... Ba6 24. Qa2) (23... Rd8 $142 24. Qa2 Bc8) 24. Qa2 $36 {[%csl Rb7,Re6]
[%cal Ga2a3,Ga2e6] Les pièces noires sont trés passives} Kh8 (24... Qf7 25. Ng5
) 25. h3 Ra5 26. Bxf8 Rxf8 27. Qxe6 Bc8 $6 (27... h6 28. Nh4 {[%cal Gh4g6]} Rf6
29. Qc4 {[%cal Gh4f5]}) 28. Qxc6 Qxc6 29. Rxc6 Bb7 (29... Kg8) 30. Rc4 {
Le GMI n'aura pas de difficultés а réaliser le gain technique} Ba6 31. Rc7 Be2
32. Ng5 h6 33. Ne6 Rg8 34. Re1 Bh5 35. Rb1 Bg6 36. f3 Ra6 37. Re7 Re8 38. Rxe8+
Bxe8 39. Nc7 {Une belle démonstration technique du Champion de France} 1-0